000 00909nam a2200253Ia 4500
003 OSt
005 20221005113457.0
006 a|||||r|||| 00| 0
007 ta
008 221004b |||||||| |||| 00| 0 pan d
020 _a9788189735197 (hbk)
_c150
024 _a3753
037 _b753, 12/03/2013, Bright Book Service
_cTextual
040 _aCRL
_cCRL
_bpan
041 _2pan
_apan
082 _aQ8441:33x, Q1
100 _aਕੋਟਲੀ, ਗਿਆਨ ਸਿੰਘ
245 0 _aਨਾਨਕ ਤੇ ਮੁਖ ਉਜਲੇ
260 _aਲੁਧਿਆਣਾ
_bਪੰਜਾਬੀ ਰਾਈਟਰਗ਼ ਕੋਆਪਰੇਟਿਵ ਸੋਸਾਇਟੀ ਭਾਰਤ
_c2011
300 _a96ਪੰ
_ccm.
650 _aਧਰਮ
942 _hQ8441:33x, Q1
_cTEXL
_2cc
999 _c1028326
_d1028326